| 000 | 00919nam a22002537a 4500 | ||
|---|---|---|---|
| 005 | 20170123162328.0 | ||
| 010 | _aB-050723 | ||
| 020 | _c150.00 | ||
| 035 | _aB-050723 | ||
| 037 | _bCen Lib/Ret | ||
| 040 |
_aDPL _bUR |
||
| 082 |
_aک _bم ن ی |
||
| 100 |
_aمنیر الدین احمد _9120066 |
||
| 245 |
_aبچھڑی ہویی کونج : _cمنیر الدین احمد _bاور دوسرے افسانے / |
||
| 246 |
_aBichadi huyi konj : aur doosre afsane / _bby MuneerAlden Ahmad |
||
| 260 |
_aنیی دہلی _bایجوکیشنل پبلشنگ ہاؤس _c2000 |
||
| 270 |
_bنیی دہلی _a٣١٠٨، گلی وکیل کچہ پنڈت، لال کون _e110002 |
||
| 300 |
_a160p. _c21cm(Hb) |
||
| 650 |
_aاردو ادب _9120067 |
||
| 650 |
_aاردو افسانے _9120068 |
||
| 650 |
_aUrdu literature _9120069 |
||
| 650 |
_aUrdu stories _9120070 |
||
| 942 |
_2ddc _cUR _hک _mم ن ی |
||
| 999 |
_c107555 _d107555 |
||